El posmodernismo o la lógica cultural del capitalismo avanzado /

Na minha lista:
Detalhes bibliográficos
Autor principal: Jameson, Fredric (autor)
Formato: Livro
Idioma:espanhol
Publicado em: Barcelona, España : Paidós, 1991, c1991
Colecção:(Paidós Studio ; 83)
Assuntos:
Tags: Adicionar Tag
Sem tags, seja o primeiro a adicionar uma tag!

MARC

LEADER 00000nam^a2200000^a^4500
001 000033938
005 20250521000000.0
009 20260310085218.329
020 |a 84-7509-705-7 
037 |a Acervo ITESO - Biblioteca 
041 |a ESP 
082 |a 149. 97  |b JAM 
100 |a Jameson, Fredric  |e (autor) 
245 1 3 |a El posmodernismo o la lógica cultural del capitalismo avanzado /  |c F. Jameson ; tr. por José Luis Pardo Torío. 
264 4 |a Barcelona, España :  |b Paidós,  |c 1991, c1991 
300 |a 121 p. 
336 |a texto  |b txt  |2 rdacontenido 
337 |a sin mediación  |b n  |2 rdamedio 
338 |a volumen  |b nc  |2 rdasoporte 
440 1 |a (Paidós Studio ;  |v 83) 
500 |a Traducción de: Postmodernism or the Cultural Logic of Late Capitalism 
649 |a XX 
650 |a Capitalismo -  |x Aspectos Sociales y Culturales 
650 |a Sociedad Postindustrial 
650 |a Cambios Sociales y Culturales -  |x Historia 
650 |a Cultura -  |x Historia -  |y Siglo XX 
650 |a Modernidad y Posmodernidad 
650 |a Filosofía del Siglo XX 
650 |a Sociología de la Cultura 
910 |a Fondo General 
920 |a Impresos - Libros 
930 |a Colección General 
905 |a 101 
901 |a 0500362134  |b IT1  |c ACC  |i 033938  |u 20250521 
902 |a https://opac.biblio.iteso.mx/vufind/Record/000033938